000 00625nam a22002057a 4500
003 NUST
005 20210917141519.0
008 190703b ||||| |||| 00| 0 eng d
038 _aMr. Zahoor
082 _a510
100 _aRazzaq, Asma
_916485
245 _aGeneralized Separation of Variables: Exact Solutions of Nonlinear partial Differential Equations /
_cAsma Razzaq
260 _aIslamabad :
_bSNS - NUST,
_c2015.
300 _aiii, 63 p. : ill. ;
_c30cm.
500 _aHardcover.
563 _aHard Binding
650 _aSNS - Mphil Thesis
_916486
700 _aDr. Mujeeb ur Rehman
_916447
942 _2ddc
_cTHE
999 _c525576
_d525576